| 000 | 00521nam a2200181Ia 4500 | ||
|---|---|---|---|
| 008 | 240925s9999 xx 000 0 und d | ||
| 020 | _a9788126563050 | ||
| 082 | _a006.3 MUE | ||
| 100 | _aMueller, John Paul | ||
| 245 | 0 | _aMachine Learning (in Paython and R) for dummies | |
| 250 | _aNA | ||
| 260 |
_aNew Delhi: _bJohn Wiley & Sons _c,2016. |
||
| 300 |
_axix, 632p. _b0 _fOriginal |
||
| 500 | _aIncludes Index | ||
| 600 | _aComputer Science | ||
| 650 | _aComputer science, information & general works | ||
| 942 | _cBK | ||
| 999 |
_c13831 _d13831 |
||